Normal view
MARC view
Entry Personal Name
001 - CONTROL NUMBER
- control field: 28202
003 - CONTROL NUMBER IDENTIFIER
- control field: ARRUPE
005 - DATE AND TIME OF LATEST TRANSACTION
- control field: 20170110113453.0
008 - FIXED-LENGTH DATA ELEMENTS
- fixed length control field: 170110|| aca||aabn | a|a d
040 ## - CATALOGING SOURCE
- Original cataloging agency: ARRUPE
- Transcribing agency: ARRUPE
100 ## - HEADING--PERSONAL NAME
- Personal name: draemann, Claudia
670 ## - SOURCE DATA FOUND
- Source citation: Work cat.: (ARRUPE): draemann, Claudia, Kenya and its efforts on democratization and good governance, 2006